Alle DFB-Pokal Niederlagen von Bayern München - Statistiken

Allgemein
  • Dieses Quiz wurde 512 mal gespielt
    112 seit der letzten Aktualisierung
  • Das Durchschnittsergebnis liegt bei 29 aus 45
Antwortstatistiken
Saison Runde Ergebnis Verein % Korrekt
16/17 Halbfinale 2:3 Borussia Dortmund
100%
14/15 Halbfinale 1:3 n.E. Borussia Dortmund
100%
11/12 Finale 2:5 Borussia Dortmund
100%
92/93 2.Runde 6:7 n.E. Borussia Dortmund
100%
24/25 Achtelfinale 0:1 Bayer Leverkusen
97%
08/09 Viertelfinale 2:4 Bayer Leverkusen
97%
23/24 2.Runde 1:2 1.FC Saarbrücken
94%
17/18 Finale 1:3 Eintracht Frankfurt
94%
73/74 Halbfinale 2:3 Eintracht Frankfurt
94%
20/21 2.Runde 7:8 n.E. Holstein Kiel
90%
21/22 2.Runde 0:5 Borussia Mönchengladbach
89%
98/99 Finale 5:6 n.E. Werder Bremen
88%
10/11 Halbfinale 0:1 FC Schalke 04
87%
01/02 Halbfinale 0:2 n.V. FC Schalke 04
87%
87/88 Viertelfinale 1:2 Hamburger SV
83%
75/76 Halbfinale 2:2 n.V./0:1 Hamburger SV
83%
69/70 Viertelfinale 1:2 1.FC Nürnberg
80%
89/90 Achtelfinale 0:3 VfB Stuttgart
79%
22/23 Viertelfinale 1:2 SC Freiburg
78%
71/72 Viertelfinale 3:0/1:5 1.FC Köln
76%
76/77 Viertelfinale 2:4 n.V. Hertha BSC
74%
80/81 3.Runde 1:2 1.FC Kaiserslautern
72%
95/96 2.Runde 1:3 Fortuna Düsseldorf
62%
86/87 Achtelfinale 0:3 Fortuna Düsseldorf
62%
93/94 Achtelfinale 1:2 Dynamo Dresden
61%
06/07 Achtelfinale 2:4 Alemannia Aachen
59%
03/04 Viertelfinale 1:2 Alemannia Aachen
59%
88/89 Achtelfinale 3:4 Karlsruher SC
59%
74/75 3.Runde 2:3 MSV Duisburg
57%
67/68 Halbfinale 1:2 VfL Bochum
56%
42/43 6.Runde 0:3 BC Augsburg
55%
96/97 Viertelfinale 0:1 Karlsruher SC
55%
82/83 2.Runde 0:2 Eintracht Braunschweig
54%
84/85 Finale 1:2 Bayer 04 Uerdingen
53%
00/01 2.Runde 3:5 n.E. 1.FC Magdeburg
40%
78/79 2.Runde 4:5 VfL Osnabrück
34%
72/73 Viertelfinale 2:2/2:4 Kickers Offenbach
33%
91/92 2.Runde 2:4 n.V. FC 08 Homburg
28%
77/78 3.Runde 1:3 FC 08 Homburg
28%
94/95 1.Runde 0:1 TSV Vestenbergsgreuth
28%
38/39 3.Runde 2:5 Rapid Wien
22%
40/41 4.Runde 1:5 Austria Wien
12%
90/91 1.Runde 0:1 FV Weinheim
12%
79/80 3.Runde 0:1 SpVgg Bayreuth
12%
39/40 5.Runde 0:1 Wiener SC
1%
Keine übereinstimmenden Quizze gefunden
Verteilung der Resultate
Anzahl Personen mit jedem Resultat
Perzentil nach korrekt beantworteten Fragen
Ihre Resultats-Entwicklung
Sie haben dieses Quiz seit der letzten Aktualisierung nicht gespielt